| 000 | 00347nam a2200145Ia 4500 | ||
|---|---|---|---|
| 008 | 230917s9999||||xx |||||||||||||| ||und|| | ||
| 040 |
_e140001 _aMAIN |
||
| 041 | _aEnglish | ||
| 082 | _a954.5 G727S | ||
| 100 | _aGough, Charles | ||
| 245 | 0 | _aSikhs and the Sikh wars | |
| 260 |
_aDelhi _bNational books _c1984 |
||
| 300 | _a254p p. | ||
| 942 | _cBK | ||
| 999 |
_c51510 _d51510 |
||